[Event "Mittelfranken Mitte-ch"]
[Site "Nuremberg"]
[Date "2020.01.05"]
[Round "4.1"]
[White "Bildt, Thomas"]
[Black "Haubold, Martin"]
[Result "1/2-1/2"]
[WhiteElo "1998"]
[BlackElo "2086"]
[PlyCount "94"]
[EventDate "2020.01.03"]
[EventType "swiss"]
[EventRounds "7"]
[EventCountry "GER"]
[SourceTitle "EXT 2023"]
[Source "ChessBase"]
[SourceDate "2022.10.05"]
[SourceVersion "1"]
[SourceVersionDate "2022.10.05"]
[SourceQuality "1"]

1. e4 c6 2. d4 d5 3. Nc3 dxe4 4. Nxe4 Nd7 5. Ne2 Ndf6 6. N2g3 Nxe4 7. Nxe4 Bf5 8. Ng3 Bg6 9. c3 Nf6 10. Bd3 e6 11. h4 Qd5 12. f3 Bd6 13. Ne2 Bxd3 14. Qxd3 e5 15. Qf5 exd4 16. Qxd5 Nxd5 17. cxd4 0-0-0 18. Kf2 Rhe8 19. Bd2 Bb4 20. Rad1 Bxd2 21. Rxd2 Rd7 22. Nc3 Red8 23. Nxd5 Rxd5 24. Rhd1 f5 25. f4 Ra5 26. a3 Rad5 27. g3 Kc7 28. Ke3 Re8+ 29. Kd3 Re4 30. Kc3 g6 31. Rd3 Rd8 32. b4 Rd5 33. Kc4 a5 34. Kb3 axb4 35. axb4 Kb6 36. Kc3 Kc7 37. Kc4 Rd7 38. b5 Kd6 39. bxc6 Rc7 40. Rb3 Rxc6+ 41. Kd3 Kc7 42. Rdb1 b6 43. Rb5 Rd6 44. R1b4 Re1 45. Rb1 Re4 46. R1b4 Re1 47. Rb1 Re4 1/2-1/2

[Event "Landesliga Nord 1213"]
[Site "Bayern"]
[Date "2012.10.14"]
[Round "1.8"]
[White "Haubold, Martin"]
[Black "Neubert, Marcus"]
[Result "0-1"]
[WhiteElo "1996"]
[BlackElo "2028"]
[PlyCount "70"]
[EventDate "2012.10.14"]
[EventType "team-tourn"]
[EventRounds "9"]
[EventCountry "GER"]
[SourceTitle "EXT 2015"]
[Source "ChessBase"]
[SourceDate "2014.11.20"]
[SourceVersion "1"]
[SourceVersionDate "2014.11.20"]
[SourceQuality "1"]
[WhiteTeam "Nuernberg NT II"]
[BlackTeam "Schweinfurt"]
[WhiteTeamCountry "GER"]
[BlackTeamCountry "GER"]

1. d4 d5 2. c4 c6 3. Nf3 Nf6 4. g3 Bf5 5. Bg2 e6 6. 0-0 Nbd7 7. Qb3 Qb6 8. c5 Qa6 9. Nh4 Bxb1 10. Rxb1 b6 11. cxb6 axb6 12. Qc2 Be7 13. a3 0-0 14. Nf3 Rfc8 15. h3 h6 16. Ne5 c5 17. Nxd7 Nxd7 18. dxc5 bxc5 19. e4 d4 20. e5 Rab8 21. Qe4 Rb3 22. Rd1 d3 23. Bd2 c4 24. Rdc1 Qb5 25. Bc3 Nc5 26. Qe1 Na4 27. Be4 Nxc3 28. Rxc3 Rb8 29. Rxb3 Qxb3 30. Rc1 Qxb2 31. Rxc4 d2 32. Qd1 Bxa3 33. Bf3 Qc1 34. Ra4 Bb4 35. Kf1 Qc3 0-1

[Event "Mittelfranken-chTB1 1011"]
[Site "Germany"]
[Date "2011.05.15"]
[Round "9.3"]
[White "Haubold, Martin"]
[Black "Fischer, Gerd1111"]
[Result "0-1"]
[WhiteElo "2050"]
[BlackElo "2019"]
[PlyCount "104"]
[EventDate "2010.09.26"]
[EventType "team-tourn"]
[EventRounds "9"]
[EventCountry "GER"]
[SourceTitle "EXT 2012"]
[Source "ChessBase"]
[SourceDate "2011.11.24"]
[SourceVersion "1"]
[SourceVersionDate "2011.11.24"]
[SourceQuality "1"]
[WhiteTeam "Nuernberg NT III"]
[BlackTeam "Gunzenhausen"]
[WhiteTeamCountry "GER"]
[BlackTeamCountry "GER"]

1. d4 Nf6 2. Bg5 d5 3. Bxf6 gxf6 4. c4 dxc4 5. e3 Be6 6. Nc3 c6 7. Nge2 Bh6 8. Ng3 Qa5 9. Be2 Na6 10. 0-0 Rg8 11. a3 0-0-0 12. Qc2 Rg7 13. Rad1 f5 14. d5 cxd5 15. Nxf5 Bxf5 16. Qxf5+ e6 17. Qf6 Rg6 18. Qxf7 Qc7 19. Qf3 Bg7 20. e4 Rh6 21. g3 Rf8 22. Qg2 Bxc3 23. bxc3 Qe5 24. Rd4 Nc7 25. f4 Qg7 26. exd5 exd5 27. Bf3 Rd8 28. Bxd5 Nxd5 29. Rxd5 Rxd5 30. Qxd5 Qxc3 31. Qg8+ Kc7 32. Qf7+ Kc6 33. Qe8+ Kc7 34. Qe7+ Kc6 35. Rd1 Qc2 36. Qd7+ Kb6 37. Qd4+ Ka6 38. Rd2 Qc1+ 39. Kg2 Rc6 40. a4 Qa3 41. Rd1 Qa2+ 42. Rd2 Qa3 43. Rb2 Qc5 44. Qc3 Qd5+ 45. Kf2 Qc5+ 46. Kf1 Qd5 47. Kg1 b6 48. Rb5 Qd1+ 49. Kg2 Qe2+ 50. Kg1 Rd6 51. Rb1 Rd2 52. Rxb6+ axb6 0-1

[Event "Mittelfranken-chTB1 1011"]
[Site "Germany"]
[Date "2011.03.13"]
[Round "7.3"]
[White "Haubold, Martin"]
[Black "Hofer, Markus"]
[Result "0-1"]
[WhiteElo "2050"]
[BlackElo "2075"]
[PlyCount "68"]
[EventDate "2010.09.26"]
[EventType "team-tourn"]
[EventRounds "9"]
[EventCountry "GER"]
[SourceTitle "EXT 2012"]
[Source "ChessBase"]
[SourceDate "2011.11.24"]
[SourceVersion "1"]
[SourceVersionDate "2011.11.24"]
[SourceQuality "1"]
[WhiteTeam "Nuernberg NT III"]
[BlackTeam "Buechenbach/Roth"]
[WhiteTeamCountry "GER"]
[BlackTeamCountry "GER"]

1. d4 d5 2. c4 e6 3. Nc3 Be7 4. cxd5 exd5 5. Qc2 Nc6 6. Bf4 Nb4 7. Qb3 c6 8. a3 Na6 9. e4 dxe4 10. Bc4 Nf6 11. Bxf7+ Kf8 12. Nge2 Nc7 13. Bxc7 Qxc7 14. 0-0 Bd6 15. Be6 Bxh2+ 16. Kh1 Bd6 17. f3 Bxe6 18. Qxe6 Re8 19. Qh3 e3 20. Ne4 h5 21. N2c3 Rh6 22. Nxf6 Rxf6 23. Ne4 e2 24. Rfe1 Rfe6 25. Qf5+ Qf7 26. Qh3 Rxe4 27. fxe4 Rxe4 28. Kg1 Bf4 29. g3 Be3+ 30. Kh1 Bf2 31. Qg2 Re3 32. Kh2 h4 33. gxh4 Qf4+ 34. Kh1 Qxh4+ 0-1

[Event "Mittelfranken-chTB1 1011"]
[Site "Germany"]
[Date "2010.09.26"]
[Round "1.3"]
[White "Bauer, Andreas"]
[Black "Haubold, Martin"]
[Result "0-1"]
[WhiteElo "2101"]
[BlackElo "2050"]
[PlyCount "104"]
[EventDate "2010.09.26"]
[EventType "team-tourn"]
[EventRounds "9"]
[EventCountry "GER"]
[SourceTitle "EXT 2012"]
[Source "ChessBase"]
[SourceDate "2011.11.24"]
[SourceVersion "1"]
[SourceVersionDate "2011.11.24"]
[SourceQuality "1"]
[WhiteTeam "Postbauer Heng"]
[BlackTeam "Nuernberg NT III"]
[WhiteTeamCountry "GER"]
[BlackTeamCountry "GER"]

1. c4 Nf6 2. Nc3 e6 3. Nf3 d5 4. d4 Be7 5. cxd5 exd5 6. Bf4 c6 7. e3 Bf5 8. Bd3 Bxd3 9. Qxd3 Na6 10. a3 0-0 11. 0-0 Nc7 12. b4 Ne6 13. Be5 a5 14. b5 c5 15. dxc5 Nxc5 16. Qf5 Nce4 17. Rfd1 g6 18. Qh3 Rc8 19. Nxe4 Nxe4 20. Qh6 Bf6 21. Qf4 Bxe5 22. Qxe5 Nc3 23. Rd2 Re8 24. Qd4 Re4 25. Qd3 Rec4 26. Nd4 Qd7 27. h3 R8c5 28. Nb3 Rc8 29. Nxa5 R4c5 30. a4 Qc7 31. Nb3 Rc4 32. a5 Ne4 33. b6 Qc6 34. Nd4 Qf6 35. a6 Nxd2 36. Qxd2 Qxb6 37. a7 Ra8 38. Qa2 Qc5 39. Nb3 Qb4 40. Nd2 Rc5 41. Nb3 Rc6 42. Qb2 Rc3 43. Ra3 b5 44. Qa2 Qc4 45. Nd4 b4 46. Qxc4 dxc4 47. Ra4 b3 48. Nc6 b2 49. Rb4 Rb3 50. Rb8+ Raxb8 51. axb8Q+ Rxb8 52. Nxb8 b1Q+ 0-1

[Event "Oberliga Bayern 0910"]
[Site "Bayern"]
[Date "2010.01.24"]
[Round "5.8"]
[White "Haubold, Martin"]
[Black "Schreiner, Richard"]
[Result "1-0"]
[WhiteElo "1987"]
[BlackElo "2114"]
[PlyCount "113"]
[EventDate "2009.10.18"]
[EventType "team-tourn"]
[EventRounds "9"]
[EventCountry "GER"]
[SourceTitle "EXT 2011"]
[Source "ChessBase"]
[SourceDate "2010.11.26"]
[SourceVersion "1"]
[SourceVersionDate "2010.11.26"]
[SourceQuality "1"]
[WhiteTeam "Nuernberg NT II"]
[BlackTeam "Garching"]
[WhiteTeamCountry "GER"]
[BlackTeamCountry "GER"]

1. d4 Nf6 2. Bg5 e6 3. e3 d5 4. Nd2 c5 5. c3 Nc6 6. Bd3 e5 7. dxe5 Nxe5 8. Bb5+ Bd7 9. Bxd7+ Nexd7 10. Ne2 Bd6 11. Ne4 Be7 12. Bxf6 dxe4 13. Bxg7 Rg8 14. Bh6 Qb6 15. Bf4 Qxb2 16. Rb1 Qxa2 17. Rxb7 Rd8 18. Bc7 Qa6 19. Bxd8 Qxb7 20. Bxe7 Kxe7 21. 0-0 Qc6 22. Nf4 Nf6 23. Qa1 Qc7 24. c4 Rd8 25. Rb1 Rd2 26. Qc3 Rd7 27. h3 Qd6 28. Qa5 Qc7 29. Qa6 Qd6 30. Qc8 Qc7 31. Qh8 Qd8 32. Qg7 Rd1+ 33. Rxd1 Qxd1+ 34. Kh2 Qd2 35. Nd5+ Nxd5 36. Qe5+ Kd7 37. cxd5 c4 38. Qf5+ Kd6 39. Qf6+ Kc5 40. Qe7+ Kb6 41. Qd6+ Kb5 42. Qb8+ Ka6 43. d6 c3 44. Qc8+ Kb5 45. d7 Qd6+ 46. g3 c2 47. d8Q Qxd8 48. Qxd8 c1Q 49. Qb8+ Ka6 50. Qd6+ Kb7 51. Qe7+ Kb6 52. Qxe4 a5 53. Qxh7 a4 54. Qh6+ Qc6 55. Qf4 Kb5 56. Qxf7 a3 57. Qb3+ 1-0

[Event "Mittelfranken-chTB1 0910"]
[Site "Mittelfranken"]
[Date "2009.12.06"]
[Round "4.3"]
[White "Leis, Stefan"]
[Black "Haubold, Martin"]
[Result "0-1"]
[WhiteElo "1899"]
[BlackElo "1979"]
[PlyCount "52"]
[EventDate "2009.10.11"]
[EventType "team-tourn"]
[EventRounds "9"]
[EventCountry "GER"]
[SourceTitle "EXT 2011"]
[Source "ChessBase"]
[SourceDate "2010.11.26"]
[SourceVersion "1"]
[SourceVersionDate "2010.11.26"]
[SourceQuality "1"]
[WhiteTeam "Muehlhof/Mfr"]
[BlackTeam "Nuernberg NT III"]
[WhiteTeamCountry "GER"]
[BlackTeamCountry "GER"]

1. e4 c6 2. d4 d5 3. e5 c5 4. f4 Nc6 5. Nf3 Bg4 6. dxc5 e6 7. c3 Bxc5 8. Nbd2 Qb6 9. Qe2 d4 10. Nc4 Qc7 11. b4 Be7 12. b5 Na5 13. cxd4 Rc8 14. Nb2 Bh4+ 15. g3 Qc3+ 16. Kf2 Bxf3 17. Qxf3 Qxd4+ 18. Qe3 Qd5 19. Rg1 Rc2+ 20. Be2 Be7 21. Nd3 Nc4 22. Qf3 Qd4+ 23. Be3 Qxd3 24. Rad1 Qxe3+ 25. Qxe3 Nxe3 26. Kxe3 Bc5+ 0-1

[Event "Nuremberg LGA Cup 5th"]
[Site "Nuremberg"]
[Date "2008.09.07"]
[Round "7.34"]
[White "Haubold, Martin"]
[Black "Wagner, Florian"]
[Result "0-1"]
[WhiteElo "2080"]
[BlackElo "2213"]
[PlyCount "60"]
[EventDate "2008.09.04"]
[EventType "swiss"]
[EventRounds "7"]
[EventCountry "GER"]
[SourceTitle "EXT 2022"]
[Source "ChessBase"]
[SourceDate "2021.10.06"]
[SourceVersion "1"]
[SourceVersionDate "2021.10.06"]
[SourceQuality "1"]

1. d4 g6 2. c4 Bg7 3. Nc3 d6 4. e4 e5 5. d5 f5 6. f3 Ne7 7. Bd3 Nd7 8. Be3 0-0 9. Qc2 Nf6 10. 0-0-0 fxe4 11. Nxe4 Nf5 12. Bf2 Bh6+ 13. Kb1 Ne3 14. Bxe3 Bxe3 15. Ne2 Ne8 16. h4 Ng7 17. Ka1 c6 18. dxc6 bxc6 19. h5 Nxh5 20. Nxd6 Qxd6 21. Rxh5 Qf6 22. Rhh1 a5 23. Nc3 Bd4 24. Ne4 Qe7 25. c5 Be6 26. Nd6 Rfb8 27. Rb1 a4 28. a3 Rb3 29. Nc4 Qxc5 30. Ka2 Rxd3 0-1

[Event "Regionalliga NO 0708"]
[Site "Bayern"]
[Date "2007.11.04"]
[Round "2.6"]
[White "Hanisch, Friedrich"]
[Black "Haubold, Martin"]
[Result "1-0"]
[WhiteElo "2072"]
[BlackElo "1944"]
[PlyCount "67"]
[EventDate "2007.10.21"]
[EventType "team-tourn"]
[EventRounds "9"]
[EventCountry "GER"]
[SourceTitle "EXT 2009"]
[Source "ChessBase"]
[SourceDate "2008.11.26"]
[SourceVersion "1"]
[SourceVersionDate "2008.11.26"]
[SourceQuality "1"]
[WhiteTeam "Altensittenbach"]
[BlackTeam "Forchheim II"]
[WhiteTeamCountry "GER"]
[BlackTeamCountry "GER"]

1. d4 Nf6 2. Nf3 d5 3. Bg5 Nbd7 4. e3 Ne4 5. Bf4 Ndf6 6. Ne5 g6 7. Be2 Bg7 8. Nd2 Nxd2 9. Qxd2 0-0 10. h4 Ne4 11. Qd1 f6 12. Nd3 e5 13. Bh2 exd4 14. f3 f5 15. 0-0 dxe3 16. fxe4 fxe4 17. Rxf8+ Qxf8 18. Nf4 c6 19. c3 Qe7 20. Bg3 Bf5 21. Qb3 Bf6 22. Rf1 Rd8 23. h5 Kg7 24. hxg6 hxg6 25. Nh5+ Kf7 26. Nxf6 Qxf6 27. Qxb7+ Kg8 28. Qc7 Qg5 29. Bf4 Qh4 30. Bxe3 Rd7 31. Qh2 Qd8 32. Qg3 Kh7 33. Bd4 c5 34. Qh2+ 1-0

[Event "Regionalliga NO 0708"]
[Site "Bayern"]
[Date "2007.10.21"]
[Round "1.5"]
[White "Stiller, Juergen"]
[Black "Haubold, Martin"]
[Result "1-0"]
[WhiteElo "2153"]
[BlackElo "1944"]
[PlyCount "119"]
[EventDate "2007.10.21"]
[EventType "team-tourn"]
[EventRounds "9"]
[EventCountry "GER"]
[SourceTitle "EXT 2009"]
[Source "ChessBase"]
[SourceDate "2008.11.26"]
[SourceVersion "1"]
[SourceVersionDate "2008.11.26"]
[SourceQuality "1"]
[WhiteTeam "Nuernberg Sued SW"]
[BlackTeam "Forchheim II"]
[WhiteTeamCountry "GER"]
[BlackTeamCountry "GER"]

1. Nf3 Nf6 2. g3 e6 3. Bg2 d5 4. 0-0 Be7 5. d3 b6 6. Nbd2 Bb7 7. e4 dxe4 8. Ng5 Nbd7 9. Ndxe4 Nxe4 10. Nxe4 Qc8 11. Qg4 g6 12. Qf4 0-0 13. Qh6 Re8 14. Bd2 Bf8 15. Qh4 Bg7 16. Bc3 Bxc3 17. bxc3 f5 18. Ng5 Nf8 19. Rfe1 Bxg2 20. Kxg2 Qb7+ 21. f3 Qd5 22. c4 Qc5 23. Re2 Rad8 24. Rae1 Rd4 25. f4 Rd6 26. Nf3 Kg7 27. Ne5 Qa5 28. g4 Qxa2 29. Kh3 Qb2 30. Rg2 Qd4 31. gxf5 exf5 32. Qg3 Qc5 33. Nd7 Nxd7 34. Rxe8 Nf6 35. Re7+ Kf8 36. Rge2 Qc6 37. R7e5 Qd7 38. Qg5 Kf7 39. Qh6 Rd4 40. Re7+ Qxe7 41. Rxe7+ Kxe7 42. Qg7+ Ke6 43. Qxc7 Rd7 44. Qb8 Nh5 45. Kg2 Kf7 46. Kf3 Nf6 47. h3 Kg7 48. Qe5 Kf7 49. c5 bxc5 50. Qxc5 Nd5 51. c4 Nf6 52. Qa3 Ke6 53. Qc3 Kf7 54. d4 Ne4 55. Qa5 Ke7 56. Qe5+ Kd8 57. Qb8+ Ke7 58. c5 Kf7 59. c6 Rxd4 60. Qxa7+ 1-0